000 00376nam a2200169Ia 4500
008 151213s9999 xx 000 0 und d
020 _a812591683-0
100 _aMc Kuchal
245 _aMercantile Law
_cMc Kuchal
250 _a6th
260 _aNew Delhi
_bVikas
_c2005
300 _a7846 p.
650 _aLaw
650 _aLaw
700 _aMc Kuchal
999 _c4043
_d4043